| 000 | 01664nam0a2200373 i 4500 | ||
|---|---|---|---|
| 001 | RU\NLR\BIBL_A\010530065 | ||
| 005 | 20241103121244.0 | ||
| 010 | _a9785426101029 | ||
| 021 |
_aRU _b2014-67239 _94107 |
||
| 035 | _a(NILC)RuMoRGB-007547817 | ||
| 035 | _a(NLR Aleph) 010530065 | ||
| 090 |
_a10253144 _c10253144 |
||
| 100 | _a20141113d2014 um y0rusy50 ca | ||
| 101 | 0 | _arus | |
| 102 | _aRU | ||
| 105 | _ay|||z|||000yy | ||
| 200 | 1 |
_aКаноны русского мира _eидеология. Культура. Искусство _e[сборник статей] _fМарк Любомудров _g[предисл., коммент.: С.В. Лебедев] |
|
| 210 |
_aМосква _cИнститут русской цивилизации _d2014 |
||
| 215 |
_a804 с. _d21 |
||
| 225 | 1 | _aРусское сопротивление | |
| 300 | _aВ тексте предисл. авт.: Любомудров лауреат премии "Имперская культура" | ||
| 320 | _aТр. авт.: с. 780-784 | ||
| 320 | _aУказ. имен: с. 785-801 | ||
| 330 | _aБиблиогр. в подстроч. примеч. | ||
| 606 | 1 |
_aДраматический театр русский _92352804 _3RU\NLR\AUTH\661405535 |
|
| 606 |
_a"Русская идея" _jСборники _91562965 _3RU\NLR\AUTH\66984097 |
||
| 686 | 1 | _aТ3(2)74-72я44 | |
| 686 | 1 | _aЩ334.3(2Р=Рус) | |
| 700 | 1 |
_aЛюбомудров _f1932- _gМарк Николаевич |
|
| 801 | 0 |
_aRU _bРГБ _c20140905 _gRCR |
|
| 942 | _cBOOK | ||
| 980 | _aNBR | ||